000 01103cam a22002411i 4500
003 SA-RiAUC
005 20260204130745.0
008 260202s1998 ly g 00010dara c
040 _aSA-JeALM
_bara
_cSA-RiAUC.
_erda
082 0 4 _a216
_qSA-RiAUC
090 _a216
_bز ي ا
100 1 _aالزيادي، محمد فتح الله
_eمؤلف.
245 1 2 _aالاستشراق :
_bأهدافه ووسائله : دراسة تطبيقية حول منهج الغربيين في دراسة ابن خلدون /
_cمحمد فتح الله الزيادي.
250 _aالطبعة الأولى.
264 1 _aطرابلس، ليبيا :
_bمحمد فتح الله الزيادي،
_bدار قتيبة .
_c1998
300 _a332 صفحة ؛
_c24 سم
336 _aنص
_btxt
_2rdacontent
_3كتاب
337 _aبدون وسيط
_bn
_2rdamedia
600 1 7 _aابن خلدون، عبد الرحمن بن محمد بن محمد،
_d732-808 هجري
_2aucnm
650 7 _aالإسلام والاستشراق والمستشرقون
_2aucsh
942 _2ddc
_cBOOK
_n0
949 _aSA-JeALM
_d260202
_uosman123
_n1
999 _c14231
_d14231